| 000 | 00459nam a2200193Ia 4500 | ||
|---|---|---|---|
| 005 | 20250219002944.0 | ||
| 008 | 240331s9999 xx 000 0 und d | ||
| 082 |
_bSTA _2724 _a305.4 |
||
| 245 | 0 |
_aWomen's Liberation _bBlueprint for the Future |
|
| 260 |
_aNew York _bAce Books _c1970 |
||
| 300 | _a283 p., | ||
| 650 | _aWomen | ||
| 650 | _aEducation | ||
| 650 | _aMen | ||
| 650 | _aSex Roles | ||
| 650 | _aLaw | ||
| 700 |
_aStambler, S _eedt |
||
| 942 | _cL | ||
| 999 |
_c1731 _d1731 |
||